000 00961cam a2200349 4500500
005 20260405002909.0
041 _afre
042 _adc
100 1 0 _aLegros, Martin
_eauthor
245 0 0 _aEt Rawls inventa le bon partage
260 _c2019.
500 _a44
690 _aAmartya Sen
690 _aCapabilité
690 _aÉconomie
690 _aÉgalité
690 _aÉquité
690 _aGerald Allan Cohen
690 _aJohn Rawls
690 _aJustice
690 _aJustice sociale
690 _aLibertarisme
690 _aLiberté
690 _aMarxisme analytique
690 _aMichael J. Sandel
690 _aNobel
690 _aRobert Nozick
690 _aThéorie de la justice
690 _aVoile d’ignorance
786 0 _nPhilosophie magazine | 128 | 4 | 2019-04-01 | p. 24-27 | 1951-1787
856 4 1 _uhttps://shs.cairn.info/magazine-philosophie-magazine-2019-4-page-24?lang=fr&redirect-ssocas=7080
999 _c2062251
_d2062251